00714nam a2200241 a 4500001001300000003000900013005001700022008004100039020000800080082001700088100002000105245008100125260003800206300000800244500003500252505001300287650002700300700002000327902000800347942000700355952009500362999001500457nice12345678IN_TiNIC20260116011457.0050524s1943 laha grp 000 0 eng  ac500a922.97bIQB1 aIqbal, Mohammad aLetters of Iqbal to Jinnahb Allama Iqbal`s Views on the Political Future of aLahorebSh. Muhammad Ashrafc1943 a31p aincludes index and biblioraphy2 aAppendix aIqbal Muhammad-Letters1 aIqbal, Mohammad bSRS cBK 00104070aHMIbHMId2008-01-29g5.00l0o922.97 IQB1p00985r2008-01-29w2026-01-16yEB c1880d1880